Holiday Quiz

Random Holiday or Christmas Quiz

First Letter Appearance Only: X-Mas Songs Quiz Stats

 Plays Quiz Updated Oct 5, 2017

Challenge
Share
Tweet
Embed
Score 0/25 Timer 05:00
1 Play Today
Song with Repeats Removed Full Christmas Song % Correct
AWYINMGERAway in a Manger
89.4%
THELIDRUMBOYThe Little Drummer Boy
89%
THECRISMAONGThe Christmas Song
86.6%
HERCOMSANTLUHere Comes Santa Claus
82.5%
WEISHYOUAMRCTWe Wish You a Merry Christmas
81.5%
SANTCLUIOMGWSanta Claus Is Coming to Town
81.3%
DOYUHEARWTIDo You Hear What I Hear?
80.8%
WHATCILDSWhat Child Is This
79.5%
THEWLVDAYSOFCRIMThe Twelve Days of Christmas
74.6%
CAROLFTHEBSCarol of the Bells
72.8%
ITSBEGNOLKACHRMIt's Beginning to Look a Lot Like Christmas
72.7%
AHOLYJCRISTMA Holly Jolly Christmas
70.3%
ITCAMEUPONDGHLRIt Came Upon a Midnight Clear
65.9%
Song with Repeats Removed Full Christmas Song % Correct
ANGELSWHVRDOIAngels We Have Heard on High
65.1%
OLITEWNFBHMO Little Town of Bethlehem
64%
WETHRKINGSOFAWe Three Kings of Orient Are
62.6%
ITSHEMOWNDRFULYAIt's the Most Wonderful Time of the Year
61.5%
ALIWNTFORCHSMYEAll I Want For Christmas Is My Two Front Teeth
59.5%
OTANEBUMO Tannenbaum
56.1%
THEOLYANDIVThe Holly and the Ivy
52.7%
ISAWMOYKNGTCLUI Saw Mommy Kissing Santa Claus
50.1%
GODKINWECSLAGood King Wenceslas
49%
LITESANCKLittle Saint Nick
42.9%
HERWCOMASILNGHere We Come A-Wassailing
30%
ADESTFILAdeste Fideles
24.8%

You're not logged in!

Compare scores with friends on all Sporcle quizzes.
Join for Free
OR
Log In

You Might Also Like...

Show Comments

Extras

Top Quizzes Today


Score Distribution

Your Account Isn't Verified!

In order to create a playlist on Sporcle, you need to verify the email address you used during registration. Go to your Sporcle Settings to finish the process.

Report this User

Report this user for behavior that violates our Community Guidelines.

Details: